Los archivos: cómo construirlos
Sábháilte in:
| Príomhchruthaitheoir: | |
|---|---|
| Formáid: | LEABHAR |
| Teanga: | Spáinnis |
| Foilsithe / Cruthaithe: |
Gijón
Trea
2008
|
| Sraith: | Archivos Siglo XXI, 6
|
| Ábhair: | |
| Clibeanna: |
Cuir clib leis
Níl clibeanna ann, Bí ar an gcéad duine le clib a chur leis an taifead seo!
|
MARC
| LEADER | 00000nam a2200000 a 4500 | ||
|---|---|---|---|
| 001 | UCI8403 | ||
| 003 | CL-VaPUC | ||
| 008 | 080904e20080000SP |||||||||||||||||spa|d | ||
| 020 | |a 9788497043366 | ||
| 082 | 0 | 4 | |a 020 |b IBA |2 21 |
| 100 | |a Ibáñez Montoya, Joaquín |e author |9 531886 | ||
| 245 | 1 | 4 | |a Los archivos: cómo construirlos |
| 300 | |a 134 p | ||
| 942 | |c BK | ||
| 945 | |d 20080904 00:00:00 |a rbrito | ||
| 260 | |a Gijón |b Trea |c 2008 | ||
| 650 | 0 | |a Archivística |9 490081 | |
| 650 | 0 | |a Archivos |9 322428 | |
| 650 | 7 | |a CONSERVACION |2 CL-VaPUC |9 259519 | |
| 583 | |a last modification |c 20080904 00:00:00 |k Rodrigo Vera | ||
| 490 | 0 | |a Archivos Siglo XXI, 6 | |
| 999 | |c 331312 |d 331310 | ||
| 952 | |0 0 |1 0 |4 0 |6 020_000000000000000_IBA_2008 |7 0 |8 X |9 417715 |a FDOMLP |b FDOMLP |d 2019-11-22 |i 4476336 |o 020 IBA 2008 |p 4476336 |r 2019-11-22 |w 2019-11-22 |y BK_X |k BU2 | ||